000 01452nam a22003137a 4500
001 BRCA_9229
003 FranzMayer
005 20220921134454.0
008 220912b |||||||| |||| 00| 0 eng d
020 _a9788493974152
040 _bspa
_cMFM
041 1 _aspa
050 _aGR340.
_bL49 2013
245 _aLeyendas y narraciones japonesas :
_bVersión de Gonzalo Jiménez de la Espada
260 _aEspaña :
_bLangre,
_c2013
300 _a256 p. :
_bil. ;
_c14 x 21 cm.
490 _aocho islas
500 _aUbicación: L60-N1
500 _aEdición facsímil del texto publicado en 1914 / ilustraciones a color
520 _aTraducidas por Gonzalo Jiménez de la Espada, profesor de español en Tokio entre 1907 y 1917, y publicadas en Japón por Takejiro Hasegawa en 1914, con hermosas ilustraciones de dos de los últimos maestros del ukiyo-é, las Leyendasy Narraciones Japonesas nos llevan al mundo mágico y eterno de samurais, demonios y animales del bosque. - Proporcionado por la editorial.
650 _aLiteratura
_zJapón
_928541
650 _aLeyendas
_xFantasía
_zJapón
_928549
700 _aJiménez de la Espada, Gonzalo‏ ‎
_d1874-1938
_etrad.
_928550
700 _aPazó Espinosa, José
_eed.
_etextos
_928551
700 _aBaquero Cruz, Julio,‏
_d1972-
_eed.
_etextos
_928552
700 _aAlmazán, David
_eed.
_etextos
_928553
942 _2lcc
_cB
999 _c10848
_d10848